|
|
|
|
| LEADER |
00000nab a2200000 a 4500 |
| 001 |
vtls000476314 |
| 003 |
SK-MaSNL |
| 005 |
20260303005302.0 |
| 008 |
120927c1992 xo 0 slo |
| 015 |
|
|
|a SNBRA19rr/mm-uuuuu
|
| 035 |
|
|
|a CL0476448
|
| 040 |
|
|
|a SNKBUCL
|b slo
|c SNKBUCL
|e AACR2
|
| 041 |
0 |
|
|a slo
|
| 044 |
|
|
|a xo
|c SK
|
| 080 |
|
|
|a 677.21
|2 1981
|
| 100 |
1 |
|
|a Wittmann, S.
|4 aut
|9 959784
|
| 245 |
1 |
0 |
|a Permanentná vodo a olej odpudivá úprava syntetických a bavlnených textílií s použitím fluorkarbónových zlúčenín
|c S. Wittmann
|
| 650 |
0 |
7 |
|a textílie bavlnené
|2 snkbucl
|9 955422
|
| 650 |
0 |
7 |
|a textílie syntetické
|2 snkbucl
|9 985303
|
| 650 |
0 |
7 |
|a zlúčeniny flórkarbónové
|2 snkbucl
|9 985304
|
| 655 |
|
7 |
|a články zo zborníkov
|2 snkbucl
|9 166140
|
| 773 |
0 |
|
|t Devätnásta medzinárodná konferencia textilných chemikov
|d Žilina : Dom techniky ZSVTS, 1992
|g S. 17-24
|z 8023102494
|
| 850 |
|
|
|a Slovenská národná knižnica v Martine
|a MTA001
|
| 852 |
|
|
|a SNK
|b KIS3GCP
|
| 958 |
|
|
|a RK
|
| 992 |
|
|
|a RZB
|
| 999 |
|
|
|c 1581747
|d 1583677
|